| 000 | 00691cam a2200193 i 4500 | ||
|---|---|---|---|
| 999 |
_c169737 _d169737 |
||
| 005 | 20191202124152.0 | ||
| 010 | _aB-731107 | ||
| 020 |
_a9788126559213 _c499.00 |
||
| 035 | _aB-731107 | ||
| 037 |
_bDBAD/Pub _adpl |
||
| 082 | _2338.2728 | ||
| 100 | 1 | _aKatusa, Marin | |
| 245 | 1 | 0 |
_aThe colder war : _bhow the global energy trade slipped from America's grasp / _cby Marin Katusa |
| 260 |
_aNew Delhi _bJohn Wiley & Sons _c2016 |
||
| 270 |
_a4435-36/7, Ansari Road, Daryaganj _b New Delhi _e110002 _k011-43630000 |
||
| 300 |
_axvi, 246p.; _c25 cm (Hb) _bill. |
||
| 942 |
_2ddc _cEN _h338.2728 _mKAT |
||